Pour une autre consommation : Sens et émergence d'une consommation politique (notice n° 2197150)

détails MARC
000 -LEADER
fixed length control field 00642cam a2200133 4500500
005 - DATE AND TIME OF LATEST TRANSACTION
control field 20260405065610.0
041 ## - LANGUAGE CODE
Language code of text/sound track or separate title fre
042 ## - AUTHENTICATION CODE
Authentication code dc
100 10 - MAIN ENTRY--PERSONAL NAME
Personal name Giamporcaro-Sauniere, Stéphanie
Relator term author
245 00 - TITLE STATEMENT
Title Pour une autre consommation : Sens et émergence d'une consommation politique
260 ## - PUBLICATION, DISTRIBUTION, ETC.
Name of publisher, distributor, etc. L'Harmattan,<br/>
Date of publication, distribution, etc. 2005.<br/>
520 ## - SUMMARY, ETC.
Summary, etc. Des produits estampillés "BIO" ou "issus du commerce équitable" sortent de la confidentialité des boutiques militantes pour se frayer un chemin aujourd'hui en grandes surfaces.
856 41 - ELECTRONIC LOCATION AND ACCESS
Uniform Resource Identifier <a href="https://shs.cairn.info/Pour-une-autre-consommation--9782747594271?lang=fr&redirect-ssocas=7080">https://shs.cairn.info/Pour-une-autre-consommation--9782747594271?lang=fr&redirect-ssocas=7080</a>

Pas d'exemplaire disponible.

PLUDOC

PLUDOC est la plateforme unique et centralisée de gestion des bibliothèques physiques et numériques de Guinée administré par le CEDUST. Elle est la plus grande base de données de ressources documentaires pour les Étudiants, Enseignants chercheurs et Chercheurs de Guinée.

Adresse

627 919 101/664 919 101

25 boulevard du commerce
Kaloum, Conakry, Guinée

Réseaux sociaux

Powered by Netsen Group @ 2025